| 000 | 00365cam a22001337a 4500 | ||
|---|---|---|---|
| 008 | 180718b1961 xxu||||| |||| 00| 0 eng d | ||
| 082 | _aI582 H997 | ||
| 100 | _aHyman, Stanley | ||
| 245 |
_aIntroduction to management consultancy _cby Stanley Hyman |
||
| 260 |
_aLondon _bHeinemann _c1961 |
||
| 300 | _a108p. | ||
| 650 | _aBusiness Management | ||
| 650 | _aConsultants | ||
| 999 |
_c369098 _d369098 |
||